Технология обслуживания геофизической аппаратуры. Забойная телеметрическая система СИБ-2: учебное пособие
| Corporate Author: | |
|---|---|
| Other Authors: | , , , , |
| Summary: | Заглавие с титульного экрана Электронная версия печатной публикации В пособии изложены основы инклинометрии наклонно-направленных скважин во время бурения. Приведены описание и принципы работы системы инклинометрической буровой СИБ-2, руководство оператору по подготовке системы СИБ-2 к работе и порядок работы, правила эксплуатации, технического обслуживания и ремонта СИБ-2. Предназначено для магистрантов, обучающихся по направлению 200100 "Приборостроение", профиль "Геофизическое приборостроение", а также может быть полезно инженерам наклонно-направленного бурения при работе с системой СИБ-2. Режим доступа: из корпоративной сети ТПУ |
| Language: | Russian |
| Published: |
Томск, Изд-во ТПУ, 2013
|
| Subjects: | |
| Online Access: | http://www.lib.tpu.ru/fulltext2/m/2013/m392.pdf |
| Format: | Electronic Book |
| KOHA link: | https://koha.lib.tpu.ru/cgi-bin/koha/opac-detail.pl?biblionumber=247313 |
MARC
| LEADER | 00000nlm0a2200000 4500 | ||
|---|---|---|---|
| 001 | 247313 | ||
| 005 | 20260206161739.0 | ||
| 035 | |a (RuTPU)RU\TPU\book\268798 | ||
| 090 | |a 247313 | ||
| 100 | |a 20131221d2013 m y0rusy50 ca | ||
| 101 | 0 | |a rus | |
| 102 | |a RU | ||
| 105 | |a a j 001zy | ||
| 135 | |a drcn ---uucaa | ||
| 181 | 0 | |a i | |
| 182 | 0 | |a b | |
| 200 | 1 | |a Технология обслуживания геофизической аппаратуры. Забойная телеметрическая система СИБ-2 |e учебное пособие |f А. Н. Гормаков [и др.] |g Национальный исследовательский Томский политехнический университет (ТПУ), Институт неразрушающего контроля (ИНК), Кафедра точного приборостроения (ТПС) | |
| 203 | |a Текст |c электронный | ||
| 210 | |a Томск |c Изд-во ТПУ |d 2013 | ||
| 300 | |a Заглавие с титульного экрана | ||
| 300 | |a Электронная версия печатной публикации | ||
| 330 | |a В пособии изложены основы инклинометрии наклонно-направленных скважин во время бурения. Приведены описание и принципы работы системы инклинометрической буровой СИБ-2, руководство оператору по подготовке системы СИБ-2 к работе и порядок работы, правила эксплуатации, технического обслуживания и ремонта СИБ-2. Предназначено для магистрантов, обучающихся по направлению 200100 "Приборостроение", профиль "Геофизическое приборостроение", а также может быть полезно инженерам наклонно-направленного бурения при работе с системой СИБ-2. | ||
| 333 | |a Режим доступа: из корпоративной сети ТПУ | ||
| 337 | |a Adobe Reader | ||
| 452 | 1 | |0 (RuTPU)RU\TPU\book\267733 |t Технология обслуживания геофизической аппаратуры. Забойная телеметрическая система СИБ-2 |o учебное пособие |f А. Н. Гормаков [и др.] |g Национальный исследовательский Томский политехнический университет (ТПУ) |c Томск |n Изд-во ТПУ |d 2013 |p 131 с. | |
| 606 | 1 | |a Геофизическое оборудование |2 stltpush |3 (RuTPU)RU\TPU\subj\6283 |9 34208 | |
| 610 | 1 | |a электронный ресурс | |
| 610 | 1 | |a учебные пособия | |
| 610 | 1 | |a труды учёных ТПУ | |
| 610 | 1 | |a геофизическая аппаратура | |
| 610 | 1 | |a обслуживание | |
| 610 | 1 | |a буровые скважины | |
| 610 | 1 | |a инклинометрия | |
| 610 | 1 | |a забойные телеметрические системы | |
| 610 | 1 | |a эксплуатация | |
| 610 | 1 | |a ограничение | |
| 610 | 1 | |a техническое обслуживание | |
| 610 | 1 | |a текущий ремонт | |
| 675 | |a 550.83.07(075.8) |v 3 | ||
| 701 | 1 | |a Гормаков |b А. Н. |c специалист в области приборостроения |c доцент Томского политехнического университета, кандидат технических наук |f 1949- |g Анатолий Николаевич |3 (RuTPU)RU\TPU\pers\26483 | |
| 701 | 1 | |a Голодных |b Е. В. |g Евгений Вадимович | |
| 701 | 1 | |a Терехин |b И. В. |g Игорь Вячеславович | |
| 701 | 1 | |a Федулов |b А. В. |g Андрей Викторович | |
| 701 | 1 | |a Ульянов |b И. А. |g Илья Александрович | |
| 712 | 0 | 2 | |a Национальный исследовательский Томский политехнический университет |c (2009- ) |9 26305 |
| 801 | 1 | |a RU |b 63413507 |c 20131221 | |
| 801 | 2 | |a RU |b 63413507 |c 20140109 |g RCR | |
| 856 | 4 | |u http://www.lib.tpu.ru/fulltext2/m/2013/m392.pdf | |
| 942 | |c CF | ||